Zlacnenie energií o päť percent? Ušľachtilé, ale ťažké poslanec za ĽS-HZDS a expert na energetiku Tibor Mikuš pre HN

Bibliographic Details
Main Author: Kóňa, Martin (Author, Interviewer)
Format: Article
Language:Slovak
PhysicalDescription:Fotogr.
ISSN:1335-4701
Subjects:

MARC

LEADER 00000nab a2200000 a 4500
001 vtls008933343
003 SK-MaSNL
005 20260426071857.0
008 140301c20060823xo dr|p|||||||000 b|slo
015 |a SNBRB2007/01  |2 snkbucl 
038 |a SNKBUCL 
040 |a SNKBUCL  |b slo  |c SNKBUCL  |e AACR2 
041 0 |a slo 
044 |a xo  |c SK 
080 |a 620.9  |x (437.6)  |2 1997 
100 1 |a Kóňa, Martin  |4 ivr  |4 aut  |9 1032639 
245 1 0 |a Zlacnenie energií o päť percent? Ušľachtilé, ale ťažké  |b poslanec za ĽS-HZDS a expert na energetiku Tibor Mikuš pre HN  |c [zhováral sa] Martin Kóňa 
300 |b Fotogr. 
650 0 7 |a energetika  |2 snkbucl  |9 3680 
651 7 |a Slovensko  |2 snkbucl  |9 14231 
700 1 |a Mikuš, Tibor,  |d 1952-  |4 ive  |9 107719 
773 0 |t Hospodárske noviny  |g Roč. XIV., č. 162 (23.8.2006), s. 3  |x 1335-4701 
852 |a SNK  |b KIS3GCP 
958 |a SK 
999 |c 2682978  |d 2684908